|
|
|
|
| LEADER |
00000nam1a2200000 4500 |
| 001 |
57272 |
| 005 |
20231031054141.0 |
| 035 |
|
|
|a (RuTPU)RU\TPU\book\60416
|
| 090 |
|
|
|a 57272
|
| 100 |
|
|
|a 20031027d2003 k y0rusy50 ca
|
| 101 |
0 |
|
|a rus
|
| 102 |
|
|
|a RU
|
| 200 |
1 |
|
|a Физическая механика деформируемых наноструктур
|f М. Ю. Гуткин, И. А. Овидько
|g Российская академия наук; Институт проблем машиноведения
|
| 210 |
|
|
|a СПб.
|c Янус
|d 2003-
|
| 700 |
|
1 |
|a Гуткин
|b М. Ю.
|g Михаил Юрьевич
|
| 701 |
|
1 |
|a Овидько
|b И. А.
|g Илья Анатольевич
|
| 712 |
0 |
2 |
|a Российская академия наук (РАН)
|b Институт проблем машиноведения (ИПМАШ)
|c (Санкт-Петербург)
|2 stltpush
|3 (RuTPU)RU\TPU\col\565
|
| 801 |
|
1 |
|a RU
|b 63413507
|c 20031027
|g PSBO
|
| 801 |
|
2 |
|a RU
|b 63413507
|c 20080207
|g PSBO
|
| 942 |
|
|
|c BK
|